Finefekt Príloha Hospodárskych novín
Z obsahu prílohy: Stratégiu Ľudovej banky overuje čas. V ponuke produktov VÚB ďalšie novinky. Aktualizovaný spoločný úverový program. Dialóg Ázie s Európou. Z výrobní autosúčiastok SR je odbyt do zahraničia. Vyberte si zo základných produktov a služieb VÚB, a. s.
Gespeichert in:
| 1. Verfasser: | |
|---|---|
| Weitere Verfasser: | , |
| Format: | Buchkapitel |
| Sprache: | Slowakisch |
| Schlagworte: | |
| Tags: |
Keine Tags, Fügen Sie das erste Tag hinzu!
|
MARC
| LEADER | 00000naa a2200000 4500 | ||
|---|---|---|---|
| 001 | r026773 | ||
| 005 | 20230824090122.8 | ||
| 041 | 0 | |a slo | |
| 044 | |a SK | ||
| 245 | 1 | 0 | |a Finefekt |b Príloha Hospodárskych novín |c J. Kollár, I. Klimová, Emília Herzogová |
| 520 | |a Z obsahu prílohy: Stratégiu Ľudovej banky overuje čas. V ponuke produktov VÚB ďalšie novinky. Aktualizovaný spoločný úverový program. Dialóg Ázie s Európou. Z výrobní autosúčiastok SR je odbyt do zahraničia. Vyberte si zo základných produktov a služieb VÚB, a. s. | ||
| 610 | 2 | 0 | |a Európa |
| 610 | 2 | 0 | |a Ázia |
| 610 | 2 | 0 | |a Slovensko |
| 610 | 2 | 0 | |a 1997 |
| 610 | 2 | 0 | |a financie |
| 610 | 2 | 0 | |a banky |
| 610 | 2 | 0 | |a VÚB, a.s. Bratislava |
| 610 | 2 | 0 | |a Ľudová banka, a.s. Bratislava |
| 610 | 2 | 0 | |a súčiastky |
| 610 | 2 | 0 | |a služby bankové |
| 100 | 1 | |a Kollár, J. | |
| 700 | 1 | |a Klimová, I. | |
| 700 | 1 | |a Herzogová, Emília | |